000 00973nam a2200277 i 4500
001 5377
003 ES-MaACL
005 20250815112558.0
007 t|
008 880608s1987 sp f ||||1| spa d
020 _a84-7605-407-6
080 _a577.1(075.8)
080 _a616-074(075.8)
100 1 _aMacGilvery, Robert W.
_975146
245 1 0 _aBioquímica
_b: aplicaciones clínicas /
_cRobert W. McGilvery, con la colaboración de Gerald W. Goldstein; versión en español Mario Calcagno Montans, Federico Martínez Montes.
250 _a3ª. ed.
260 _aMadrid [etc.] :
_bInteramericana:McGraw-Hill,
_cD.L.1987.
300 _aXIII, 1025 p. ;
_c24 cm.
500 _aBibliografia. Indices.
650 1 7 _aBioquímica
_2embne
_9136796
700 1 _aGoldstein, Gerald W.
_957695
700 1 _aCalcagno Montans, Mario.
_933561
700 1 _aMartínez Montes, Federico.
_978253
852 _aES-MaACL
_jL-12140
_bR.115136
_z. - Rust.
999 _c5377
_d5377